Kỹ thuật nhiệt luyện kim

Αποθηκεύτηκε σε:
Λεπτομέρειες βιβλιογραφικής εγγραφής
Κύριος συγγραφέας: Hoàng Kim Cơ
Μορφή: Sách
Γλώσσα:Undetermined
Έκδοση: Giáo dục 1998
Θέματα:
Ετικέτες: Προσθήκη ετικέτας
Δεν υπάρχουν, Καταχωρήστε ετικέτα πρώτοι!
Thư viện lưu trữ: Trung tâm Thư viện - Trường Đại học Công nghiệp TP. Hồ Chí Minh
LEADER 00459nam a2200157Ia 4500
001 UIH_00270
008 230809s9999 xx 000 0 und d
082 |a 669.9 
100 |a Hoàng Kim Cơ 
245 0 |a Kỹ thuật nhiệt luyện kim 
245 0 |c Hoàng Kim Cơ 
260 |b Giáo dục 
260 |c 1998 
650 |a Luyện kim; 
927 |a Sách 
980 |a Trung tâm Thư viện - Trường Đại học Công nghiệp TP. Hồ Chí Minh